01509nam a2200373 a 4500001001200000003000800012006001900020007001500039008004100054010001700095020002400112020002200136020002500158020002200183020002700205040002100232035002100253043001200274050002600286082001500312100002600327245011900353260013900472300002400611504006600635533015200701651002400853651002900877651004000906655002900946710001700975856012600992999001701118ebr10623326CaPaEBRm u cr cn|||||||||100428s2009 enkb sb 001 0 eng d z 2010276000 z9780719076350 (hbk) z0719076358 (hbk.) z9780719080548 (pbk.) z0719080541 (pbk.) z9781847792839 (e-book) aCaPaEBRcCaPaEBR a(OCoLC)808600343 ae-gi---14aDP302.G38bC66 2009eb04a946.892221 aConstantine, Stephen.10aCommunity and identityh[electronic resource] :bthe making of modern Gibraltar since 1704 /cStephen Constantine. aManchester ;aNew York :bManchester University Press ;aNew York :bDistributed in the U.S. exclusively by Palgrave Macmillan,c2009. axiv, 446 p. :bmap. aIncludes bibliographical references (p. [430]-435) and index. aElectronic reproduction.bPalo Alto, Calif. :cebrary,d2011.nAvailable via World Wide Web.nAccess may be limited to ebrary affiliated libraries. 0aGibraltarxHistory. 0aGibraltarxCivilization. 0aGibraltarxPolitics and government. 7aElectronic books.2local2 aebrary, Inc.40uhttp://site.ebrary.com/lib/rucke/Doc?id=10623326zAn electronic book accessible through the World Wide Web; click to view c55841d55841